Top Goalscorer for national team - Statistics

General Stats
  • This quiz has been taken 25 times
  • The average score is 11 of 15
Answer Stats
National Team Answer % Correct
Portugal Cristiano Ronaldo
100%
Spain David Villa
100%
Germany Miroslav Klose
100%
Netherlands Robin Van Persie
100%
France Thierry Henry
100%
Argentina Lionel Messi
95%
Uruguay Luis Suarez
95%
Brazil Pelé
95%
England Wayne Rooney
95%
Hungary Ferenc Puskas
86%
Switzerland Alexander Frei
52%
Italy Gigi Riva
48%
Ghana Asamoah Gyan
38%
Austria Anton Polster
24%
San Marino Andy Selva
19%
No matching quizzes found
Score Distribution
Percent of People with Each Score
Percentile by Number Answered
Your Score History
You have not taken this quiz